| 000 | 00985nam a2200289 a 4500 | ||
|---|---|---|---|
| 001 | vtls000196259 | ||
| 003 | NLI | ||
| 005 | 20210602113031.0 | ||
| 008 | 101125s1953 enk 000 d eng | ||
| 039 | 9 |
_y201011252323 _zVLOAD |
|
| 040 | 0 |
_aNLI _beng _cVERGIS-2010 _eAACR2 |
|
| 041 | 1 |
_aeng _hswe |
|
| 044 | _aenk | ||
| 082 | 0 | 4 | _a839.727 |
| 100 | 1 |
_aLagerkvist, Par, _d1891-1974 _9373020 |
|
| 245 | 1 | 0 |
_aMidsummer dream in the workshouse : _ba play in three acts / _cby Par Lagerkvist ; translated [from the Swedish] by Alan Blair |
| 260 |
_aLondon : _bWilliam Hodge, _c1953 |
||
| 300 |
_a53 p. ; _c18 cm. |
||
| 650 | 0 |
_aSwedish drama _xTranslations into English _9373976 |
|
| 700 | 1 |
_aBlair, Alan, _4trl _992278 |
|
| 887 | _a | ||
| 901 |
_a324844 _b09.01.1959 |
||
| 902 | _aE 839.727 L 136 | ||
| 942 |
_2ddc _cBKS |
||
| 949 |
_AVIRTUAITEM _D10000 _X100 _6PUR000324844ENG |
||
| 999 |
_aVIRTUA40 _c200073 _d200073 |
||
| 999 | _aVTLSSORT0080*0400*0410*0440*0820*1000*2450*2600*3000*6500*7000*9010*9020*9490*9991 | ||